000 00614nam a2200229Ia 4500
003 OSt
005 20220925210956.0
006 a|||||r|||| 00| 0
007 ta
008 220923b |||||||| |||| 00| 0 eng d
037 _cGeneral Book
040 _aRTL
_cRTL
_beng
041 _2eng
_aeng
082 _aX:89F, N3
100 _aSharma N. K.
_991576
245 0 _aManagement accounting
260 _aJaipur
_bR. B. S. A. Publishers India
_c1993
300 _avi, 268p.
_ccm.
650 _aAccounting Management
942 _hX:89F, N3
_cGB
_2CC
999 _c556369
_d556369